Normal view
MARC view
- Saltelli, A.
Entry Personal Name
001 - CONTROL NUMBER
- control field: 22913
003 - CONTROL NUMBER IDENTIFIER
- control field: NUST
005 - DATE AND TIME OF LATEST TRANSACTION
- control field: 20191004195940.0
008 - FIXED-LENGTH DATA ELEMENTS
- fixed length control field: 191004|| aca||aabn | a|a d
040 ## - CATALOGING SOURCE
- Original cataloging agency: NUST
- Transcribing agency: NUST
100 ## - HEADING--PERSONAL NAME
- Personal name: Saltelli, A.
670 ## - SOURCE DATA FOUND
- Source citation: Work cat.: (NUST)0: Saltelli, A., Global sensitivity analysis :, c2008.
